Referenčný prijímač optického žiarenia. /

Guardado en:
Detalles Bibliográficos
Autor principal: Žatkovič, Juraj (Autor)
Formato: Manuscrito Libro
Publicado: Bratislava : SVŠT v Bratislave SjF, 1979
Etiquetas: Agregar Etiqueta
Sin Etiquetas, Sea el primero en etiquetar este registro!

MARC

LEADER 00000ntm a22000003a 4500
001 stu47666
005 20150617225710.2
008 ------s1979----cs----------------------d
040 |a STU  |b slo 
041 0
044 |a cs 
080 |a 535.214.4  |7 stu_us_auth*stu7161 
100 1 |a Žatkovič, Juraj  |4 aut  |u M150  |U MTF Ústav výrobných technológií  |T MTF Katedra tvárnenia  |U M150  |Y M150 
245 1 |a Referenčný prijímač optického žiarenia. /  |c [aut.] Žatkovič,Juraj 
260 |a Bratislava :  |b SVŠT v Bratislave SjF,  |c 1979 
300 |a 59 s 
996 |b J60899  |c J*60899/DIZ.  |l JJSK  |s A  |a 24  |w stu47666_0001